00446nam a2200133Ia 4500100004400000650001200044942000700056654001200063245007400075260003900149546001200188999001700200952009500217 aAustralian National Training Authority  aGeneral cBK aGeneral aNational Conference on Technical Education : The Changing needs bSouth West PubaCincinnatic1997 aENGLISH c24182d24182 001040708CRCaCRCEbCRCEc1432 | 29d2023-03-17l0o p8956r2023-03-17w2023-03-17yBK